ATP Title Winners 2024 - Statistics

General Stats
  • This quiz has been taken 255 times
  • The average score is 7 of 40
Answers on the Grid
Answers color-coded by a green-red scale on the quiz's grid according to % correct below.
Daniil Medvedev
Alexander Zverev
Andrey Rublev
Grigor Dimitrov
Jiří Lehečka
Alejandro Tabilo
Jannik Sinner
Alexander Bublik
Tommy Paul
Ugo Humbert
Luciano Darderi
Taylor Fritz
Facundo Díaz Acosta
Sebastián Báez
Karen Khachanov
Jordan Thompson
Alex de Minaur
Carlos Alcaraz
Ben Shelton
Hubert Hurkacz
Matteo Berrettini
Stefanos Tsitsipas
Casper Ruud
Márton Fucsovics
Jan-Lennard Struff
Giovanni Mpetshi Perricard
Jack Draper
Arthur Fils
Marcos Giron
Nuno Borges
Francisco Cerúndolo
Yoshihito Nishioka
Novak Djokovic
Sebastian Korda
Alexei Popyrin
Lorenzo Sonego
Juncheng Shang
Marin Čilić
Roberto Bautista Agut
Denis Shapovalov
Benjamin Bonzi
Jakub Menšík
Holger Rune
Lorenzo Musetti
Flavio Cobolli
Tomáš Macháč
Alejandro Davidovich Fokina
Roger Federer
Rafael Nadal
Andy Murray
Stan Wawrinka
Alex Michelsen
Reilly Opelka
Félix Auger-Aliassime
Cameron Norrie
Matteo Arnaldi
Gaël Monfils
Fábián Marozsán
Daniel Altmaier
David Goffin
Borna Ćorić
Pablo Carreño Busta
Nick Kyrgios
Bernard Tomic
Fabio Fognini
Jesper de Jong
Nikoloz Basilashvili
Arthur Cazaux
Diego Schwartzman
Petr Korda
 
Answer Stats
Answer % Correct
Jannik Sinner
56%
Carlos Alcaraz
48%
Novak Djokovic
44%
Taylor Fritz
39%
Alexander Zverev
38%
Alexei Popyrin
27%
Andrey Rublev
27%
Ben Shelton
27%
Jack Draper
27%
Alex de Minaur
25%
Casper Ruud
25%
Stefanos Tsitsipas
25%
Alexander Bublik
22%
Arthur Fils
22%
Giovanni Mpetshi Perricard
22%
Tommy Paul
19%
Ugo Humbert
19%
Grigor Dimitrov
17%
Sebastián Báez
16%
Nuno Borges
14%
Francisco Cerúndolo
13%
Karen Khachanov
13%
Marin Čilić
12%
Matteo Berrettini
12%
Alejandro Tabilo
10%
Sebastian Korda
10%
Hubert Hurkacz
9%
Jiří Lehečka
9%
Lorenzo Sonego
9%
Luciano Darderi
9%
Juncheng Shang
8%
Denis Shapovalov
6%
Jan-Lennard Struff
5%
Marcos Giron
5%
Yoshihito Nishioka
5%
Benjamin Bonzi
4%
Márton Fucsovics
4%
Roberto Bautista Agut
4%
Facundo Díaz Acosta
1%
Jordan Thompson
1%
No matching quizzes found
Score Distribution
Percent of People with Each Score
Percentile by Number Answered
Your Score History
You have not taken this quiz